| 000 | 00453ntaaa2200181 4500 | ||
|---|---|---|---|
| 003 | 01 | ||
| 005 | 20251027201628.0 | ||
| 008 | 0714s1973 ag 01 | ||
| 040 |
_aAR-BaBN _bspa _cAR-BaBN _eaacr _dRIC |
||
| 082 | _a248.4200 G33c | ||
| 100 |
_aGesswein, Armin _915011 |
||
| 245 | _aComo vencer al desaliento | ||
| 250 | _a1 ed. | ||
| 260 |
_aEl Paso : _bCasa Bautista de Publicaciones, _c1974 |
||
| 300 | _a31 p | ||
| 650 | _avida cristiana | ||
| 942 | _cBK | ||
| 999 |
_c10954 _d10954 |
||